[Event "Barcelona Sant Marti op-A 4th"]
[Site "Barcelona"]
[Date "2015.01.29"]
[Round "3"]
[White "Godesard Forgas, Carles"]
[Black "Boixader Arbo, Xavier"]
[Result "1-0"]
[WhiteElo "2079"]
[BlackElo "1765"]
[PlyCount "63"]
[EventDate "2015.01.15"]
[EventType "swiss"]
[EventRounds "9"]
[EventCountry "ESP"]
[SourceTitle "EXT 2016"]
[Source "ChessBase"]
[SourceDate "2015.10.08"]
[SourceVersion "1"]
[SourceVersionDate "2015.10.08"]
[SourceQuality "1"]

1. d4 e6 2. Nf3 Nf6 3. Bg5 h6 4. Bh4 c5 5. e3 b6 6. Bd3 Be7 7. c3 Bb7 8. Nbd2 0-0 9. 0-0 d6 10. Qe2 Nbd7 11. e4 Nh5 12. Bg3 Nxg3 13. hxg3 Qc7 14. Nh2 Rfe8 15. f4 d5 16. e5 Bf8 17. Qh5 g6 18. Bxg6 fxg6 19. Qxg6+ Kh8 20. Ng4 Bg7 21. f5 Nf8 22. Qh5 exf5 23. Rxf5 Re7 24. Nxh6 Bxh6 25. Qxh6+ Nh7 26. Raf1 Kg8 27. R1f4 cxd4 28. cxd4 Rg7 29. Nf3 Re8 30. e6 Qc1+ 31. Kh2 Nf8 32. Rxf8+ 1-0

[Event "Barcelona Sant Marti op-A 4th"]
[Site "Barcelona"]
[Date "2015.01.22"]
[Round "2"]
[White "Perez Pastora, Evaristo"]
[Black "Godesard Forgas, Carles"]
[Result "1-0"]
[WhiteElo "2179"]
[BlackElo "2079"]
[PlyCount "69"]
[EventDate "2015.01.15"]
[EventType "swiss"]
[EventRounds "9"]
[EventCountry "ESP"]
[SourceTitle "EXT 2016"]
[Source "ChessBase"]
[SourceDate "2015.10.08"]
[SourceVersion "1"]
[SourceVersionDate "2015.10.08"]
[SourceQuality "1"]

1. e4 g6 2. d4 Bg7 3. Nc3 a6 4. Nf3 d6 5. Be2 Nd7 6. Be3 b5 7. a3 Bb7 8. Nd2 Ngf6 9. f3 0-0 10. Nb3 Rc8 11. 0-0 Nb6 12. Qd2 c5 13. d5 Nc4 14. Bxc4 bxc4 15. Nc1 e6 16. N1e2 Re8 17. Bg5 exd5 18. exd5 Qd7 19. Ng3 Nxd5 20. Nxd5 Bxd5 21. Qxd5 Bd4+ 22. Kh1 Re5 23. Qxc4 Rxg5 24. c3 Bg7 25. Qxa6 Rb8 26. Rad1 d5 27. f4 Rg4 28. Qe2 h5 29. f5 Re8 30. Qf3 d4 31. h3 Rxg3 32. Qxg3 Be5 33. Qg5 Kg7 34. fxg6 fxg6 35. Rde1 1-0

[Event "Barcelona Sant Marti op 2nd"]
[Site "Barcelona"]
[Date "2013.02.28"]
[Round "7"]
[White "Godesard Forgas, Carles"]
[Black "Espinosa Cebrian, Carlos"]
[Result "1-0"]
[WhiteElo "2058"]
[BlackElo "1856"]
[PlyCount "85"]
[EventDate "2013.01.17"]
[EventType "swiss"]
[EventRounds "9"]
[EventCountry "ESP"]
[SourceTitle "EXT 2014"]
[Source "ChessBase"]
[SourceDate "2013.11.20"]
[SourceVersion "1"]
[SourceVersionDate "2013.11.20"]
[SourceQuality "1"]

1. d4 d5 2. c4 e6 3. Nc3 Nf6 4. Bg5 Nbd7 5. e3 c6 6. Nf3 Qa5 7. Be2 dxc4 8. 0-0 Bb4 9. Qc2 Bxc3 10. bxc3 b5 11. e4 Qc7 12. Bh4 Nh5 13. d5 Nf4 14. Nd4 Bb7 15. a4 e5 16. dxc6 Bxc6 17. Nf5 0-0 18. Rfd1 Ng6 19. Bg3 Nc5 20. f3 Nxa4 21. h4 h5 22. Bh2 Nc5 23. Qc1 Ne6 24. g3 Rfd8 25. Qe3 a5 26. f4 Rxd1+ 27. Rxd1 Qa7 28. Qxa7 Rxa7 29. Bxh5 Bxe4 30. Nd6 Bc6 31. f5 Nef4 32. gxf4 Nxh4 33. fxe5 g6 34. fxg6 fxg6 35. Bg4 a4 36. Bg3 Nf3+ 37. Kf2 Ng5 38. Bh4 Ne4+ 39. Nxe4 Bxe4 40. e6 Bc6 41. Bf6 Be8 42. Rd8 Kf8 43. Bf3 1-0

[Event "Barcelona Sant Marti op 2nd"]
[Site "Barcelona"]
[Date "2013.01.31"]
[Round "3"]
[White "Godesard Forgas, Carles"]
[Black "Molano Lafuente, Ismael"]
[Result "1/2-1/2"]
[WhiteElo "2058"]
[BlackElo "2025"]
[PlyCount "107"]
[EventDate "2013.01.17"]
[EventType "swiss"]
[EventRounds "9"]
[EventCountry "ESP"]
[SourceTitle "EXT 2014"]
[Source "ChessBase"]
[SourceDate "2013.11.20"]
[SourceVersion "1"]
[SourceVersionDate "2013.11.20"]
[SourceQuality "1"]

1. d4 Nf6 2. c4 e6 3. g3 Bb4+ 4. Bd2 Qe7 5. Bg2 a5 6. Nc3 Nc6 7. Nf3 Bxc3 8. bxc3 Ne4 9. d5 exd5 10. cxd5 Nxd2 11. Qxd2 Ne5 12. Nxe5 Qxe5 13. f4 Qe7 14. d6 Qxd6 15. Qxd6 cxd6 16. Rb1 Kd8 17. Kd2 Kc7 18. Rb5 Ra6 19. Rhb1 Ra7 20. Bd5 f5 21. Bf3 Rf8 22. Kd3 Rf6 23. e3 d5 24. Rc5+ Rc6 25. Rxd5 d6 26. Rdb5 Rc5 27. Rb6 Ra6 28. Rxb7+ Bxb7 29. Rxb7+ Kd8 30. Rxg7 Rc7 31. Rxc7 Kxc7 32. e4 Rb6 33. exf5 Rb2 34. f6 Kd7 35. Bd5 Rxh2 36. Ke4 Rh6 37. Bg8 Rxf6 38. Bxh7 Rh6 39. Bf5+ Ke7 40. g4 Rh2 41. g5 Re2+ 42. Kf3 Rxa2 43. Be4 Ra3 44. f5 Rxc3+ 45. Kg4 Rc4 46. Kf3 a4 47. Bd5 Rd4 48. f6+ Kf8 49. Be6 Rd3+ 50. Kf4 Rd1 51. g6 Rg1 52. g7+ Rxg7 53. fxg7+ Kxg7 54. Ke4 1/2-1/2

[Event "Barcelona Ateneu Colon op 7th"]
[Site "Barcelona"]
[Date "2012.06.12"]
[Round "9"]
[White "Godesard Forgas, Carles"]
[Black "Serrano Campos, Juan Antoni"]
[Result "1-0"]
[WhiteElo "2059"]
[BlackElo "1998"]
[PlyCount "57"]
[EventDate "2012.04.10"]
[EventType "swiss"]
[EventRounds "9"]
[EventCountry "ESP"]
[SourceTitle "CBM 148 Extra"]
[Source "ChessBase"]
[SourceDate "2012.06.22"]
[SourceVersion "1"]
[SourceVersionDate "2012.06.22"]
[SourceQuality "1"]

1. d4 Nf6 2. c4 e5 3. d5 b5 4. cxb5 a6 5. Bg5 Bb4+ 6. Nc3 h6 7. Bh4 0-0 8. e3 Bb7 9. bxa6 Nxa6 10. Nge2 g5 11. Bg3 Nxd5 12. h4 g4 13. a3 Nxc3 14. Nxc3 Bxc3+ 15. bxc3 h5 16. Bxe5 Qe7 17. Qd4 f6 18. Bg3 d5 19. Be2 Nc5 20. Rb1 Rxa3 21. 0-0 Ra2 22. Rxb7 Rxe2 23. Rxc7 Nd7 24. Qxd5+ Rf7 25. Qxh5 Qe4 26. Bf4 Rh7 27. Rc8+ Nf8 28. Qc5 Rf7 29. Bh6 1-0

[Event "Barcelona Sant Marti op 1st"]
[Site "Barcelona"]
[Date "2012.03.08"]
[Round "7"]
[White "Godesard Forgas, Carles"]
[Black "Rosich Valles, Alfredo"]
[Result "0-1"]
[WhiteElo "2059"]
[BlackElo "2357"]
[PlyCount "120"]
[EventDate "2012.01.26"]
[EventType "swiss"]
[EventRounds "9"]
[EventCountry "ESP"]
[SourceTitle "EXT 2013"]
[Source "ChessBase"]
[SourceDate "2012.11.22"]
[SourceVersion "1"]
[SourceVersionDate "2012.11.22"]
[SourceQuality "1"]

1. d4 c5 2. d5 Nf6 3. c4 b5 4. cxb5 a6 5. bxa6 Bxa6 6. Nc3 d6 7. e4 Bxf1 8. Kxf1 g6 9. g3 Bg7 10. Kg2 0-0 11. Nf3 Nbd7 12. h3 Qc7 13. Re1 Rfb8 14. Qe2 Qb7 15. Rb1 Ne8 16. Bf4 Nc7 17. Qc2 Nb5 18. Nxb5 Qxb5 19. b3 Nb6 20. a4 Qa5 21. Nd2 Qc3 22. Qxc3 Bxc3 23. Rec1 Bxd2 24. Bxd2 Rb7 25. a5 Nd7 26. Rc4 Rab8 27. Rc3 Rb5 28. Ra1 Rxb3 29. Rxb3 Rxb3 30. a6 Nb6 31. a7 Na8 32. Bh6 f6 33. Ra6 Rb6 34. Ra3 Kf7 35. h4 Ke8 36. Be3 Kd7 37. f4 Kc8 38. h5 Kb7 39. hxg6 hxg6 40. Ra1 Rb3 41. Bf2 Rb4 42. Kf3 Nb6 43. e5 Ka8 44. exf6 exf6 45. Re1 Rb3+ 46. Kg2 Rd3 47. Re6 Nxd5 48. Rxd6 Nxf4+ 49. gxf4 Rxd6 50. Bxc5 Rd3 51. Be7 Kxa7 52. Bxf6 Kb7 53. Bh4 Kc6 54. Bg3 Kd5 55. Kh3 Ke4 56. Kg4 Rd1 57. Bf2 Rd2 58. Bg3 Rg2 59. Kh3 Kf3 60. Bh2 Rg4 0-1

[Event "Barcelona Sant Marti op 1st"]
[Site "Barcelona"]
[Date "2012.03.01"]
[Round "6"]
[White "Godesard Forgas, Carles"]
[Black "Colom Andres, Xavier"]
[Result "1-0"]
[WhiteElo "2059"]
[BlackElo "1939"]
[PlyCount "57"]
[EventDate "2012.01.26"]
[EventType "swiss"]
[EventRounds "9"]
[EventCountry "ESP"]
[SourceTitle "EXT 2013"]
[Source "ChessBase"]
[SourceDate "2012.11.22"]
[SourceVersion "1"]
[SourceVersionDate "2012.11.22"]
[SourceQuality "1"]

1. d4 d5 2. c4 c6 3. Nc3 Nf6 4. cxd5 cxd5 5. Bf4 Nc6 6. e3 a6 7. Bd3 e6 8. Rc1 Bd6 9. Bxd6 Qxd6 10. Nf3 e5 11. dxe5 Nxe5 12. Be2 0-0 13. 0-0 Rd8 14. Qd4 Nc6 15. Qh4 Bf5 16. Rfd1 Qb4 17. Qxb4 Nxb4 18. Nd4 Be6 19. f3 Bd7 20. g4 h6 21. h4 g5 22. Nb3 Rac8 23. a3 Nc6 24. hxg5 hxg5 25. Nxd5 Nxd5 26. Rxd5 f6 27. Nc5 Ne5 28. Rcd1 Rc7 29. f4 1-0

[Event "Barcelona Sant Marti op 1st"]
[Site "Barcelona"]
[Date "2012.02.09"]
[Round "3"]
[White "Munoz Pantoja, Miguel Angel"]
[Black "Godesard Forgas, Carles"]
[Result "1-0"]
[WhiteElo "2495"]
[BlackElo "2059"]
[PlyCount "35"]
[EventDate "2012.01.26"]
[EventType "swiss"]
[EventRounds "9"]
[EventCountry "ESP"]
[SourceTitle "EXT 2013"]
[Source "ChessBase"]
[SourceDate "2012.11.22"]
[SourceVersion "1"]
[SourceVersionDate "2012.11.22"]
[SourceQuality "1"]

1. e4 d5 2. exd5 Qxd5 3. d4 Nf6 4. Nf3 Bg4 5. Be2 e6 6. h3 Bh5 7. c4 Qd6 8. Nc3 a6 9. Be3 Be7 10. c5 Qd8 11. Qb3 Nbd7 12. Qxb7 0-0 13. Qc6 Rb8 14. b3 e5 15. Nxe5 Nxe5 16. dxe5 Bxe2 17. Kxe2 Nd7 18. Rad1 1-0

[Event "Barcelona Ateneu Colon op 6th"]
[Site "Barcelona"]
[Date "2011.05.31"]
[Round "6"]
[White "Nunez Lucero, Francisco Alex"]
[Black "Godesard Forgas, Carles"]
[Result "1/2-1/2"]
[WhiteElo "2156"]
[BlackElo "2075"]
[PlyCount "64"]
[EventDate "2011.04.26"]
[EventType "swiss"]
[EventRounds "9"]
[EventCountry "ESP"]
[SourceTitle "EXT 2012"]
[Source "ChessBase"]
[SourceDate "2011.11.24"]
[SourceVersion "1"]
[SourceVersionDate "2011.11.24"]
[SourceQuality "1"]

1. e4 e6 2. d4 d5 3. Nc3 dxe4 4. Nxe4 Qd5 5. Nc3 Bb4 6. a3 Bxc3+ 7. bxc3 c5 8. Nf3 Nf6 9. a4 Qe4+ 10. Be2 Bd7 11. 0-0 Bc6 12. Re1 0-0 13. h3 Nbd7 14. Bd3 Qd5 15. Bg5 c4 16. Bxf6 cxd3 17. Be5 dxc2 18. Qxc2 Nb6 19. Re2 Qd7 20. a5 Bxf3 21. gxf3 Nc4 22. Qa4 Qd5 23. Kg2 Rac8 24. Rb1 Qxa5 25. Qd7 Qxc3 26. Rxb7 Qd3 27. Ra2 Nd2 28. Rxd2 Qxd2 29. Bd6 Qg5+ 30. Kh2 Qh4 31. Kg2 Qg5+ 32. Kh2 Qh4 1/2-1/2

[Event "Catalunya-chT"]
[Site "Barcelona"]
[Date "2011.03.26"]
[Round "9.8"]
[White "Godesard Forgas, Carles"]
[Black "Ibanez Tarradellas, Eduardo"]
[Result "0-1"]
[WhiteElo "2075"]
[BlackElo "2273"]
[PlyCount "84"]
[EventDate "2011.01.29"]
[EventType "team-tourn"]
[EventRounds "11"]
[EventCountry "ESP"]
[SourceTitle "EXT 2012"]
[Source "ChessBase"]
[SourceDate "2011.11.24"]
[SourceVersion "1"]
[SourceVersionDate "2011.11.24"]
[SourceQuality "1"]
[WhiteTeam "Ateneu Colon"]
[BlackTeam "UGA"]
[WhiteTeamCountry "ESP"]
[BlackTeamCountry "ESP"]

1. Nf3 d5 2. g3 Nc6 3. Bg2 e5 4. d3 Bg4 5. h3 Bh5 6. 0-0 Nf6 7. c3 Bd6 8. Qb3 Qd7 9. Bg5 0-0-0 10. Na3 Be7 11. c4 e4 12. cxd5 Na5 13. Qc3 exf3 14. exf3 Qxd5 15. f4 Qc5 16. Bxf6 gxf6 17. Qxc5 Bxc5 18. g4 Bg6 19. f5 Rxd3 20. Nc2 Nc6 21. Rac1 Nd4 22. Nxd4 Bxd4 23. fxg6 fxg6 24. Rcd1 Rxd1 25. Rxd1 c5 26. Re1 Rd8 27. Re7 Rd7 28. Re8+ Kc7 29. b3 b5 30. Bf1 a6 31. Re6 Rd6 32. Re7+ Kb6 33. Rxh7 Ka5 34. h4 Kb4 35. a4 Kxb3 36. axb5 a5 37. Ra7 a4 38. Ra6 Rxa6 39. Bc4+ Kxc4 40. bxa6 a3 41. a7 a2 42. a8Q a1Q+ 0-1

[Event "Catalunya-chT"]
[Site "Barcelona"]
[Date "2011.03.05"]
[Round "6.8"]
[White "Monclus Domingo, Angel"]
[Black "Godesard Forgas, Carles"]
[Result "1-0"]
[WhiteElo "2200"]
[BlackElo "2075"]
[PlyCount "49"]
[EventDate "2011.01.29"]
[EventType "team-tourn"]
[EventRounds "11"]
[EventCountry "ESP"]
[SourceTitle "EXT 2012"]
[Source "ChessBase"]
[SourceDate "2011.11.24"]
[SourceVersion "1"]
[SourceVersionDate "2011.11.24"]
[SourceQuality "1"]
[WhiteTeam "Barcelona"]
[BlackTeam "Ateneu Colon"]
[WhiteTeamCountry "ESP"]
[BlackTeamCountry "ESP"]

1. e4 e6 2. d4 d5 3. e5 Bd7 4. a3 c5 5. dxc5 Bxc5 6. Qg4 Ne7 7. Bd3 Qb6 8. Nf3 Nbc6 9. 0-0 Ng6 10. b4 Be7 11. Bb2 0-0-0 12. Nbd2 f6 13. Bxg6 hxg6 14. Qxg6 Rdg8 15. Rfe1 Be8 16. Qd3 f5 17. c4 g5 18. cxd5 g4 19. Nd4 exd5 20. Nxf5 Rxh2 21. Nf1 g3 22. N1xg3 Bg6 23. Qxd5 Rf8 24. Qe6+ Kb8 25. Qxg6 1-0

[Event "Catalunya-chT"]
[Site "Barcelona"]
[Date "2011.01.29"]
[Round "1"]
[White "Dickl, Errol"]
[Black "Godesard Forgas, Carles"]
[Result "1-0"]
[WhiteElo "2161"]
[BlackElo "2075"]
[PlyCount "93"]
[EventDate "2011.01.29"]
[EventType "team-tourn"]
[EventRounds "11"]
[EventCountry "ESP"]
[SourceTitle "EXT 2012"]
[Source "ChessBase"]
[SourceDate "2011.11.24"]
[SourceVersion "1"]
[SourceVersionDate "2011.11.24"]
[SourceQuality "1"]
[WhiteTeam "Terrassa"]
[BlackTeam "Ateneu Colon"]
[WhiteTeamCountry "ESP"]
[BlackTeamCountry "ESP"]

1. e4 e6 2. d3 d5 3. Nd2 c5 4. Ngf3 Nc6 5. g3 dxe4 6. dxe4 e5 7. Bb5 Qc7 8. 0-0 Bg4 9. c3 Nf6 10. Qa4 Bd6 11. Re1 0-0 12. Bxc6 bxc6 13. Kg2 Qd7 14. Ng1 Ne8 15. Nb3 Be6 16. Be3 Qe7 17. f3 f5 18. exf5 Rxf5 19. Qxc6 Rc8 20. Qe4 Nf6 21. Qc2 Rf8 22. Rad1 Nd5 23. Qe4 c4 24. Rxd5 cxb3 25. Ra5 bxa2 26. Rxa7 Qe8 27. Ra6 Qb8 28. b4 R5f6 29. Rd1 Bb3 30. Rc1 Qb5 31. Ra5 Qb8 32. Ra3 Bf7 33. c4 Qxb4 34. Rxa2 Bc5 35. Bxc5 Qxc5 36. Rb2 Ra6 37. Nh3 Bh5 38. g4 Bg6 39. Qd5+ Qxd5 40. cxd5 e4 41. f4 e3 42. Kf3 Re8 43. f5 Bf7 44. Nf4 Rd6 45. Rc5 Red8 46. Ne6 Rxd5 47. Rxd5 1-0

[Event "Barcelona Ateneu Colon op 4th"]
[Site "Barcelona"]
[Date "2009.05.26"]
[Round "6"]
[White "Godesard Forgas, Carles"]
[Black "Sanchez Criado, Lluis"]
[Result "1/2-1/2"]
[WhiteElo "2051"]
[BlackElo "2183"]
[PlyCount "32"]
[EventDate "2009.04.21"]
[EventType "swiss"]
[EventRounds "9"]
[EventCountry "ESP"]
[SourceTitle "EXT 2011"]
[Source "ChessBase"]
[SourceDate "2010.11.26"]
[SourceVersion "1"]
[SourceVersionDate "2010.11.26"]
[SourceQuality "1"]

1. d4 Nf6 2. c4 g6 3. Nc3 d5 4. h4 h5 5. Bg5 dxc4 6. e4 Nc6 7. d5 Ne5 8. Bxc4 Nxc4 9. Qa4+ Bd7 10. Qxc4 Bg7 11. Rd1 0-0 12. Nge2 Qc8 13. Nd4 a6 14. 0-0 Re8 15. e5 b5 16. Qb3 b4 1/2-1/2

[Event "Barcelona Ateneu Colon op 4th"]
[Site "Barcelona"]
[Date "2009.05.19"]
[Round "5"]
[White "Godesard Forgas, Carles"]
[Black "Gonzalez Bringue, Ricard"]
[Result "1-0"]
[WhiteElo "2051"]
[BlackElo "2109"]
[PlyCount "77"]
[EventDate "2009.04.21"]
[EventType "swiss"]
[EventRounds "9"]
[EventCountry "ESP"]
[SourceTitle "EXT 2011"]
[Source "ChessBase"]
[SourceDate "2010.11.26"]
[SourceVersion "1"]
[SourceVersionDate "2010.11.26"]
[SourceQuality "1"]

1. e4 c5 2. Nc3 g6 3. g3 Bg7 4. Bg2 Nc6 5. d3 e6 6. Be3 b6 7. f4 Nge7 8. Nf3 d5 9. exd5 exd5 10. Bf2 0-0 11. 0-0 h6 12. d4 c4 13. Ne5 Be6 14. b3 cxb3 15. axb3 Qc8 16. Qd2 Rd8 17. Rfd1 Bf8 18. Rac1 Nf5 19. Na4 b5 20. Nc5 Nfxd4 21. Nxe6 Nxe6 22. Nxc6 Qxc6 23. c4 bxc4 24. bxc4 Qe8 25. cxd5 Ng7 26. Rc7 a5 27. Qa2 Bd6 28. Rb7 a4 29. Re1 Qf8 30. Bd4 a3 31. Be5 Bc5+ 32. Kh1 Nf5 33. Rc1 Rac8 34. g4 Nh4 35. Be4 Be3 36. Re1 Rc1 37. Rxc1 Bxc1 38. d6 g5 39. Rxf7 1-0

[Event "Barcelona op-B"]
[Site "Barcelona"]
[Date "1998.??.??"]
[Round "3"]
[White "Godesard Forgas, Carles"]
[Black "Subirana Santos, Marc"]
[Result "1-0"]
[WhiteElo "2035"]
[BlackElo "1925"]
[PlyCount "69"]
[EventDate "1998.??.??"]
[EventType "swiss"]
[EventRounds "8"]
[EventCountry "ESP"]
[SourceTitle "EXT 2019"]
[Source "ChessBase"]
[SourceDate "2018.10.10"]
[SourceVersion "1"]
[SourceVersionDate "2018.10.10"]
[SourceQuality "1"]

1. e4 e5 2. Nf3 Nf6 3. Nc3 Bb4 4. Bc4 0-0 5. 0-0 d6 6. d3 Be6 7. Bb3 c6 8. Ng5 d5 9. Nxe6 fxe6 10. Qe2 Qe8 11. Bd2 Nbd7 12. Rae1 Qh5 13. Nxd5 Ng4 14. h3 Bxd2 15. hxg4 Qh6 16. Nc7 Bxe1 17. Qxe1 Kh8 18. Nxa8 Rxa8 19. Qb4 Nf6 20. Qxb7 Re8 21. Qf7 Qg6 22. Qxg6 hxg6 23. f3 Kg8 24. Kf2 Kf7 25. Ke3 c5 26. c3 Rh8 27. Bc4 Rh2 28. Kf2 Ke7 29. Rb1 Rh8 30. b4 Rb8 31. Rb3 Nd7 32. a4 cxb4 33. Rxb4 Rxb4 34. cxb4 Nb6 35. a5 1-0

[Event "Catalunya-chA"]
[Site "Spain"]
[Date "1996.10.20"]
[Round "3"]
[White "Rull Perez, Oscar"]
[Black "Godesard Forgas, Carles"]
[Result "1-0"]
[WhiteElo "2095"]
[BlackElo "2070"]
[PlyCount "79"]
[EventDate "1997.??.??"]
[EventType "swiss"]
[EventRounds "8"]
[EventCountry "ESP"]
[SourceTitle "EXT 2003"]
[Source "ChessBase"]
[SourceDate "2002.11.25"]
[SourceVersion "1"]
[SourceVersionDate "2002.11.25"]
[SourceQuality "1"]

1. d4 Nf6 2. c4 c5 3. d5 b5 4. cxb5 a6 5. b6 Qxb6 6. Nc3 g6 7. e4 d6 8. Bd3 Bg7 9. h3 0-0 10. Nge2 a5 11. Rb1 Nfd7 12. 0-0 Ne5 13. Bc2 Na6 14. a3 Nc7 15. Kh1 Ba6 16. Re1 Rfb8 17. f4 Nd7 18. b3 Nb5 19. Nxb5 Qxb5 20. Bb2 Bxb2 21. Rxb2 Nb6 22. Rb1 Rb7 23. e5 Qd7 24. Nc3 dxe5 25. fxe5 Rd8 26. Qf3 Rc7 27. Rbd1 Bb7 28. Be4 c4 29. Rf1 Qe8 30. d6 Bxe4 31. dxc7 Rxd1 32. Qxd1 Bd3 33. Rf4 Qd7 34. bxc4 Bf5 35. Qxd7 Bxd7 36. Nd5 Nc8 37. c5 Bc6 38. Nb6 Bb7 39. Nxc8 Bxc8 40. Rd4 1-0

[Event "Catalunya-chA"]
[Site "Spain"]
[Date "1996.10.13"]
[Round "2"]
[White "Godesard Forgas, Carles"]
[Black "Fernandez Diaz Mascort, Miguel"]
[Result "0-1"]
[WhiteElo "2070"]
[BlackElo "2225"]
[PlyCount "48"]
[EventDate "1997.??.??"]
[EventType "swiss"]
[EventRounds "8"]
[EventCountry "ESP"]
[SourceTitle "EXT 2003"]
[Source "ChessBase"]
[SourceDate "2002.11.25"]
[SourceVersion "1"]
[SourceVersionDate "2002.11.25"]
[SourceQuality "1"]

1. e4 Nf6 2. e5 Nd5 3. d4 d6 4. Nf3 g6 5. c4 Nb6 6. Bd3 Bg7 7. Be3 Bg4 8. exd6 cxd6 9. Nbd2 Nc6 10. h3 Bxf3 11. Nxf3 0-0 12. 0-0 d5 13. c5 Nc8 14. Qd2 Re8 15. Rac1 a5 16. a3 a4 17. Qc2 e6 18. Rfd1 N8e7 19. g4 Qc7 20. Kg2 f6 21. Bd2 e5 22. dxe5 fxe5 23. Bb5 e4 24. Nh2 Nd4 0-1

[Event "Mataro op"]
[Site "Mataro"]
[Date "1996.08.12"]
[Round "1"]
[White "Godesard Forgas, Carles"]
[Black "Marza Vendrell, Conrado"]
[Result "1-0"]
[WhiteElo "2070"]
[BlackElo "2190"]
[PlyCount "35"]
[EventDate "1996.08.??"]
[EventType "swiss"]
[EventRounds "9"]
[EventCountry "ESP"]
[SourceTitle "EXT 2001"]
[Source "ChessBase"]
[SourceDate "2000.11.22"]
[SourceVersion "1"]
[SourceVersionDate "2000.11.22"]
[SourceQuality "1"]

1. e4 c5 2. Nc3 Nc6 3. f4 g6 4. Nf3 Bg7 5. Bc4 e6 6. 0-0 Nge7 7. Qe1 0-0 8. d3 d6 9. f5 exf5 10. Qh4 Qc7 11. Bh6 d5 12. exd5 Ne5 13. Ng5 Nxc4 14. Bxg7 Kxg7 15. Qxh7+ Kf6 16. Nge4+ Ke5 17. Qg7+ f6 18. Qxf8 1-0